000 01021nam a2200301 i 4500
003 EG-GICUC
005 20260121101218.0
008 251113s1946 ua ||||f |||| 00| 0 ara d
040 _a EG-GICUC
_bara
_c EG-GICUC
_d EG-GICUC
_erda
041 _aara
082 0 4 _221
_a345
_bي ح . د
092 0 4 _221
099 _alaw1 07 345 ي ح . د 1946
100 0 _aيحيي الجمل
_eمؤلف.
245 _aدروس في القانون الإداري /
_cدكتور يحيي الجمل
264 _aالقاهرة :
_bمطبعة الاخوان،
_c1946.
300 _a102 صفحة
_c24 سم
336 _2rda content
_atext
337 _2rda media
_aComputer
338 _2rda carrier
_aOnline Resource
504 _a يشتمل علي ارجاعات ببليوجرافية
546 _aالنص باللغة العربية
650 1 _aالقانون الإداري
_2qrmak
651 1 _2qrmak
856 4 0 _uhttps://fll.law.cu.edu.eg/fulltext/bks/B07-00679.pdf
905 _a74
942 _2ddc
_n0
_cBK
_e21
999 _c43100
_d43100